WNBA Champions Starters - Statistics

General Stats
  • This quiz has been taken 31 times
  • The average score is 57 of 196
Answer Stats
Team Position Answer % Correct
LAS VEGAS ACES 2023 πŸ† A'ja Wilson
96%
LAS VEGAS ACES 2022 F A'ja Wilson
96%
NEW YORK LIBERTY 2024 F Breanna Stewart
92%
SEATTLE STORM 2020 πŸ† Breanna Stewart
92%
SEATTLE STORM 2018 πŸ† Breanna Stewart
92%
NEW YORK LIBERTY 2024 G Sabrina Ionescu
92%
CHICAGO SKY 2021 F Candace Parker
84%
LOS ANGELES SPARKS 2016 πŸ† Candace Parker
84%
PHOENIX MERCURY 2014 πŸ† Diana Taurasi
84%
PHOENIX MERCURY 2009 πŸ† Diana Taurasi
84%
PHOENIX MERCURY 2007 G Diana Taurasi
84%
LAS VEGAS ACES 2023 COACH Becky Hammon
76%
LAS VEGAS ACES 2022 COACH Becky Hammon
76%
LAS VEGAS ACES 2023 G Chelsea Gray
76%
LAS VEGAS ACES 2022 πŸ† Chelsea Gray
76%
LOS ANGELES SPARKS 2016 6TH Chelsea Gray
76%
LAS VEGAS ACES 2023 G Kelsey Plum
76%
LAS VEGAS ACES 2022 G Kelsey Plum
76%
SEATTLE STORM 2020 G Sue Bird
76%
SEATTLE STORM 2018 G Sue Bird
76%
SEATTLE STORM 2010 G Sue Bird
76%
SEATTLE STORM 2004 G Sue Bird
76%
LAS VEGAS ACES 2023 F Jackie Young
72%
LAS VEGAS ACES 2022 F Jackie Young
72%
NEW YORK LIBERTY 2024 πŸ† Jonquel Jones
72%
MINNESOTA LYNX 2017 F Maya Moore
72%
MINNESOTA LYNX 2015 F Maya Moore
72%
MINNESOTA LYNX 2013 πŸ† Maya Moore
72%
MINNESOTA LYNX 2011 F Maya Moore
72%
NEW YORK LIBERTY 2024 6TH Courtney Vandersloot
68%
CHICAGO SKY 2021 G Courtney Vandersloot
68%
LOS ANGELES SPARKS 2002 F DeLisha Milton-Jones
64%
LOS ANGELES SPARKS 2001 F DeLisha Milton-Jones
64%
PHOENIX MERCURY 2014 C Brittney Griner
60%
NEW YORK LIBERTY 2024 COACH Sandy Brondello
60%
PHOENIX MERCURY 2014 COACH Sandy Brondello
60%
HOUSTON COMETS 2000 F Sheryl Swoopes
60%
HOUSTON COMETS 1999 F Sheryl Swoopes
60%
HOUSTON COMETS 1998 F Sheryl Swoopes
60%
HOUSTON COMETS 1997 6TH Sheryl Swoopes
60%
SEATTLE STORM 2020 F Jewell Loyd
56%
SEATTLE STORM 2018 F Jewell Loyd
56%
CHICAGO SKY 2021 πŸ† Kahleah Copper
56%
LOS ANGELES SPARKS 2002 πŸ† Lisa Leslie
56%
LOS ANGELES SPARKS 2001 πŸ† Lisa Leslie
56%
INDIANA FEVER 2012 πŸ† Tamika Catchings
56%
NEW YORK LIBERTY 2024 F Leonie Fiebich
52%
WASHINGTON MYSTICS 2019 G Natasha Cloud
52%
PHOENIX MERCURY 2014 G DeWanna Bonner
48%
DETROIT SHOCK 2008 πŸ† Katie Smith
48%
DETROIT SHOCK 2006 G Katie Smith
48%
LOS ANGELES SPARKS 2016 F Nneka Ogwumike
48%
SEATTLE STORM 2010 F Camille Smith
44%
WASHINGTON MYSTICS 2019 F Elena Delle Donne
44%
MINNESOTA LYNX 2017 G Seimone Augustus
44%
MINNESOTA LYNX 2015 G Seimone Augustus
44%
MINNESOTA LYNX 2013 G Seimone Augustus
44%
MINNESOTA LYNX 2011 πŸ† Seimone Augustus
44%
PHOENIX MERCURY 2009 C Tangela Smith
44%
PHOENIX MERCURY 2007 C Tangela Smith
44%
HOUSTON COMETS 2000 πŸ† Cynthia Cooper
40%
HOUSTON COMETS 1999 πŸ† Cynthia Cooper
40%
HOUSTON COMETS 1998 πŸ† Cynthia Cooper
40%
HOUSTON COMETS 1997 πŸ† Cynthia Cooper
40%
LAS VEGAS ACES 2023 C Kiah Stokes
40%
LAS VEGAS ACES 2022 C Kiah Stokes
40%
SEATTLE STORM 2010 πŸ† Lauren Jackson
36%
SEATTLE STORM 2004 C Lauren Jackson
36%
SEATTLE STORM 2020 C Natasha Howard
36%
SEATTLE STORM 2018 C Natasha Howard
36%
LAS VEGAS ACES 2022 6TH Riquna Williams
36%
MINNESOTA LYNX 2017 πŸ† Sylvia Fowles
36%
MINNESOTA LYNX 2015 πŸ† Sylvia Fowles
36%
LAS VEGAS ACES 2023 6TH Alysha Clark
32%
SEATTLE STORM 2020 G Alysha Clark
32%
SEATTLE STORM 2018 G Alysha Clark
32%
MINNESOTA LYNX 2017 COACH Cheryl Reeve
32%
MINNESOTA LYNX 2015 COACH Cheryl Reeve
32%
MINNESOTA LYNX 2013 COACH Cheryl Reeve
32%
MINNESOTA LYNX 2011 COACH Cheryl Reeve
32%
LOS ANGELES SPARKS 2002 COACH Michael Cooper
32%
LOS ANGELES SPARKS 2001 COACH Michael Cooper
32%
NEW YORK LIBERTY 2024 G Betnijah Laney-Hamilton
28%
PHOENIX MERCURY 2014 F Penny Taylor
28%
PHOENIX MERCURY 2009 6TH Penny Taylor
28%
PHOENIX MERCURY 2007 F Penny Taylor
28%
HOUSTON COMETS 2000 6TH Tammy Jackson
28%
HOUSTON COMETS 1997 C Tammy Jackson
28%
HOUSTON COMETS 2000 F Tina Thompson
28%
HOUSTON COMETS 1999 F Tina Thompson
28%
HOUSTON COMETS 1998 F Tina Thompson
28%
HOUSTON COMETS 1997 F Tina Thompson
28%
CHICAGO SKY 2021 6TH Stefanie Dolson
24%
CHICAGO SKY 2021 G Allie Quigley
20%
WASHINGTON MYSTICS 2019 πŸ† Emma Meesseman
20%
MINNESOTA LYNX 2017 G Lindsay Whalen
20%
MINNESOTA LYNX 2015 G Lindsay Whalen
20%
MINNESOTA LYNX 2013 G Lindsay Whalen
20%
MINNESOTA LYNX 2011 G Lindsay Whalen
20%
SEATTLE STORM 2004 F Sheri Sam
20%
PHOENIX MERCURY 2009 G Temeka Johnson
20%
HOUSTON COMETS 2000 C Tiffani Johnson
20%
PHOENIX MERCURY 2009 F Cappie Pondexter
16%
PHOENIX MERCURY 2007 πŸ† Cappie Pondexter
16%
PHOENIX MERCURY 2007 F Kelly Miller
16%
MINNESOTA LYNX 2017 F Rebekkah Brunson
16%
MINNESOTA LYNX 2015 F Rebekkah Brunson
16%
MINNESOTA LYNX 2013 F Rebekkah Brunson
16%
MINNESOTA LYNX 2011 F Rebekkah Brunson
16%
SACRAMENTO MONARCHS 2005 F Rebekkah Brunson
16%
SEATTLE STORM 2010 F Swin Cash
16%
DETROIT SHOCK 2006 F Swin Cash
16%
DETROIT SHOCK 2003 F Swin Cash
16%
SACRAMENTO MONARCHS 2005 πŸ† Yolanda Griffith
16%
WASHINGTON MYSTICS 2019 G Ariel Atkins
12%
CHICAGO SKY 2021 C Azura Stevens
12%
DETROIT SHOCK 2008 COACH Bill Laimbeer
12%
DETROIT SHOCK 2006 COACH Bill Laimbeer
12%
DETROIT SHOCK 2003 COACH Bill Laimbeer
12%
DETROIT SHOCK 2006 F Cheryl Ford
8%
DETROIT SHOCK 2003 F Cheryl Ford
8%
CHICAGO SKY 2021 COACH James Wade
8%
HOUSTON COMETS 1998 G Kim Perrot
8%
HOUSTON COMETS 1997 G Kim Perrot
8%
WASHINGTON MYSTICS 2019 COACH Mike Thibault
8%
SEATTLE STORM 2018 6TH Sami Whitcomb
8%
LOS ANGELES SPARKS 2016 F Alana Beard
4%
PHOENIX MERCURY 2014 F Candice Dupree
4%
DETROIT SHOCK 2008 F Deanna Nolan
4%
DETROIT SHOCK 2006 πŸ† Deanna Nolan
4%
DETROIT SHOCK 2003 G Deanna Nolan
4%
DETROIT SHOCK 2008 G Elaine Powell
4%
DETROIT SHOCK 2003 G Elaine Powell
4%
HOUSTON COMETS 2000 G Janeth Arcain
4%
HOUSTON COMETS 1999 6TH Janeth Arcain
4%
HOUSTON COMETS 1998 6TH Janeth Arcain
4%
HOUSTON COMETS 1997 G Janeth Arcain
4%
INDIANA FEVER 2012 6TH Jessica Davenport
4%
SEATTLE STORM 2020 6TH Jordin Canada
4%
WASHINGTON MYSTICS 2019 F Kristi Toliver
4%
LOS ANGELES SPARKS 2016 G Kristi Toliver
4%
LOS ANGELES SPARKS 2002 F Latasha Byears
4%
LOS ANGELES SPARKS 2001 6TH Latasha Byears
4%
HOUSTON COMETS 1998 C Monica Lamb
4%
MINNESOTA LYNX 2013 6TH Monica Wright
4%
SACRAMENTO MONARCHS 2005 F Nicole Powell
4%
MINNESOTA LYNX 2011 C Taj McWilliams-Franklin
4%
DETROIT SHOCK 2008 F Taj McWilliams-Franklin
4%
LOS ANGELES SPARKS 2001 G Tamecka Dixon
4%
SEATTLE STORM 2010 G Tanisha Wright
4%
SACRAMENTO MONARCHS 2005 G Ticha Penicheiro
4%
HOUSTON COMETS 2000 COACH Van Chancellor
4%
HOUSTON COMETS 1999 COACH Van Chancellor
4%
HOUSTON COMETS 1998 COACH Van Chancellor
4%
HOUSTON COMETS 1997 COACH Van Chancellor
4%
DETROIT SHOCK 2008 6TH Alexis Hornbuckle
0%
SEATTLE STORM 2004 COACH Anne Donovan
0%
SEATTLE STORM 2004 πŸ† Betty Lennox
0%
LOS ANGELES SPARKS 2016 COACH Brian Agler
0%
SEATTLE STORM 2010 COACH Brian Agler
0%
INDIANA FEVER 2012 G Briann January
0%
SACRAMENTO MONARCHS 2005 G Chelsea Newton
0%
PHOENIX MERCURY 2009 COACH Corey Gaines
0%
SEATTLE STORM 2018 COACH Dan Hughes
0%
INDIANA FEVER 2012 G Erin Phillips
0%
INDIANA FEVER 2012 C Erlana Larkins
0%
LOS ANGELES SPARKS 2016 G Essence Carson
0%
PHOENIX MERCURY 2014 6TH Ewelina Kobryn
0%
SEATTLE STORM 2020 COACH Gary Kloppenburg
0%
MINNESOTA LYNX 2013 C Janel McCarville
0%
MINNESOTA LYNX 2011 6TH Jessica Adair
0%
SACRAMENTO MONARCHS 2005 COACH John Whisenant
0%
SEATTLE STORM 2004 F Kamila Vodichkova
0%
DETROIT SHOCK 2008 C Kara Braxton
0%
SACRAMENTO MONARCHS 2005 6TH Kara Lawson
0%
DETROIT SHOCK 2003 6TH Kedra Holland-Corn
0%
PHOENIX MERCURY 2007 6TH Kelly Mazzante
0%
WASHINGTON MYSTICS 2019 C LaToya Sanders
0%
SEATTLE STORM 2010 6TH Le'coe Willingham
0%
PHOENIX MERCURY 2009 F Le'coe Willingham
0%
INDIANA FEVER 2012 COACH Lin Dunn
0%
LOS ANGELES SPARKS 2002 G Mwadi Mabika
0%
LOS ANGELES SPARKS 2001 F Mwadi Mabika
0%
LOS ANGELES SPARKS 2002 G Nikki Teasley
0%
PHOENIX MERCURY 2007 COACH Paul Westhead
0%
DETROIT SHOCK 2006 6TH Plenette Pierson
0%
HOUSTON COMETS 1999 C Polina Tzekova
0%
MINNESOTA LYNX 2017 6TH Renee Montgomery
0%
MINNESOTA LYNX 2015 6TH Renee Montgomery
0%
DETROIT SHOCK 2006 C Ruth Riley
0%
DETROIT SHOCK 2003 πŸ† Ruth Riley
0%
INDIANA FEVER 2012 F Shavonte Zellous
0%
SEATTLE STORM 2004 6TH Simone Edwards
0%
HOUSTON COMETS 1999 G Sonja Henning
0%
LOS ANGELES SPARKS 2002 6TH Sophia Witherspoon
0%
LOS ANGELES SPARKS 2001 G Ukari Figgs
0%
No matching quizzes found
Score Distribution
Percent of People with Each Score
Percentile by Number Answered
Your Score History
You have not taken this quiz